<?xml version="1.0" encoding="UTF-8"?>
<record
    xmlns:xsi="http://www.w3.org/2001/XMLSchema-instance"
    xsi:schemaLocation="http://www.loc.gov/MARC21/slim http://www.loc.gov/standards/marcxml/schema/MARC21slim.xsd"
    xmlns="http://www.loc.gov/MARC21/slim">

  <leader>00704nam a22002057a 4500</leader>
  <controlfield tag="003">LK-CoDNM</controlfield>
  <controlfield tag="005">20241014141840.0</controlfield>
  <controlfield tag="008">241014b        |||||||| |||| 00| 0 eng d</controlfield>
  <datafield tag="040" ind1=" " ind2=" ">
    <subfield code="a">LK-CoDNM</subfield>
    <subfield code="d">LK-CoDNM</subfield>
    <subfield code="e">LK-CoDNM</subfield>
  </datafield>
  <datafield tag="041" ind1=" " ind2=" ">
    <subfield code="a">sin</subfield>
  </datafield>
  <datafield tag="080" ind1=" " ind2=" ">
    <subfield code="a">&#xDB4;&#xDCA;&#x200D;&#xDBB; &#xD9C; </subfield>
    <subfield code="b">29.1</subfield>
  </datafield>
  <datafield tag="100" ind1=" " ind2=" ">
    <subfield code="a">&#xDC0;&#xDBD;&#xDCF;&#xDB1;&#xDDA; &#xDC3;&#xD9E;&#xD9D;&#xDBB;&#xDAD;&#xDCA;&#xDB1; &#xDC3;&#xDCA;&#xDC0;&#xDCF;&#xDB8;&#xDD2;&#xDD2;&#xDB1;&#xDCA; &#xDC0;&#xDC4;&#xDB1;&#xDCA;&#xDC3;&#xDDA; </subfield>
  </datafield>
  <datafield tag="245" ind1=" " ind2=" ">
    <subfield code="a">&#xD9C;&#xDDD;&#xDAD;&#xDB8; &#xDC4;&#xDA9; </subfield>
    <subfield code="b">3 &#xD9A;&#xDBD;&#xDCF;&#xDB4;&#xDBA; </subfield>
    <subfield code="c">1970 MAY 20 </subfield>
  </datafield>
  <datafield tag="260" ind1=" " ind2=" ">
    <subfield code="b">&#xDB4;&#xDCF;&#xDB1;&#xDAF;&#xDD4;&#xDBB; </subfield>
    <subfield code="c">1959</subfield>
  </datafield>
  <datafield tag="300" ind1=" " ind2=" ">
    <subfield code="a">58P.  : 22 CM </subfield>
  </datafield>
  <datafield tag="650" ind1=" " ind2=" ">
    <subfield code="a">3 &#xD9A;&#xDBD;&#xDCF;&#xDB4;&#xDBA; </subfield>
  </datafield>
  <datafield tag="650" ind1=" " ind2=" ">
    <subfield code="a">&#xDC0;&#xDBD;&#xDCF;&#xDB1;&#xDDA; &#xDC3;&#xD9E;&#xD9D;&#xDBB;&#xDAD;&#xDCA;&#xDB1; &#xDC3;&#xDCA;&#xDC0;&#xDCF;&#xDB8;&#xDD2;&#xDD2;&#xDB1;&#xDCA; &#xDC0;&#xDC4;&#xDB1;&#xDCA;&#xDC3;&#xDDA; </subfield>
  </datafield>
  <datafield tag="650" ind1=" " ind2=" ">
    <subfield code="a">&#xD9C;&#xDDD;&#xDAD;&#xDB8; &#xDC4;&#xDA9; </subfield>
  </datafield>
  <datafield tag="942" ind1=" " ind2=" ">
    <subfield code="c">BK</subfield>
  </datafield>
  <datafield tag="952" ind1=" " ind2=" ">
    <subfield code="0">0</subfield>
    <subfield code="1">0</subfield>
    <subfield code="4">1</subfield>
    <subfield code="7">0</subfield>
    <subfield code="8">OBC</subfield>
    <subfield code="a">MAIN</subfield>
    <subfield code="b">MAIN</subfield>
    <subfield code="c">REF</subfield>
    <subfield code="d">2024-10-14</subfield>
    <subfield code="l">0</subfield>
    <subfield code="o">&#xDB4;&#xDCA;&#x200D;&#xDBB; &#xD9C;  29.1</subfield>
    <subfield code="p">OJP3322</subfield>
    <subfield code="r">2024-10-14</subfield>
    <subfield code="w">2024-10-14</subfield>
    <subfield code="y">BK</subfield>
  </datafield>
  <datafield tag="999" ind1=" " ind2=" ">
    <subfield code="c">219316</subfield>
    <subfield code="d">219316</subfield>
  </datafield>
</record>
